Missing Word: Girl Band Songs II Quiz Stats

 Plays Quiz Updated Sep 6, 2018

Score 0/20 Timer 04:00
0 Plays Today
Hint Answer % Correct
The SupremesName
97%
Spice GirlsThink
88.2%
The SupremesKeep
86.1%
TLCProud
76.8%
The SupremesHurry
72.9%
Spice GirlsSpice
68%
Fifth HarmonyHome
66.4%
TLCScrubs
61.8%
The SupremesBaby
57.9%
TLCLight
57.9%
Hint Answer % Correct
The SupremesSee
57.6%
TLCYou
51.3%
Spice GirlsBecome
50.7%
Spice GirlsSay
43.4%
Fifth HarmonyOn
41.2%
TLCMiss
38.8%
Fifth HarmonyGirl
24.4%
Spice GirlsForever
21.2%
Fifth HarmonyAll
17%
Fifth HarmonyWorth
12.4%

Today's Daily Dose

Missing Word
Video Games (A-Z)

Get the Picture
Tom Hanks

You're not logged in!

Compare scores with friends on all Sporcle quizzes.
OR
Log In

Sporcle TV

Today on Sporcle TV


Watch our educational content, quiz creation guides, and fun videos on Sporcle TV.

Show Comments

Extras

Top Quizzes Today


Score Distribution

Your Account Isn't Verified!

In order to create a playlist on Sporcle, you need to verify the email address you used during registration. Go to your Sporcle Settings to finish the process.

Report this User

Report this user for behavior that violates our Community Guidelines.

Details: